[Event "Wch U14"]
[Site "Maribor"]
[Date "2012.11.11"]
[Round "4.72"]
[White "Latib, Tameez"]
[Black "Opalic, David"]
[Result "1-0"]
[WhiteElo "1861"]
[BlackElo "1715"]
[PlyCount "39"]
[EventDate "2012.11.08"]
[EventType "swiss"]
[EventRounds "11"]
[EventCountry "SLO"]
[SourceTitle "EXT 2013"]
[Source "ChessBase"]
[SourceDate "2012.11.22"]
[SourceVersion "1"]
[SourceVersionDate "2012.11.22"]
[SourceQuality "1"]

1. e4 e5 2. Nf3 Nc6 3. Bc4 Nf6 4. d4 exd4 5. Ng5 Ne5 6. Bb3 h6 7. f4 hxg5 8. fxe5 Nh7 9. 0-0 Qe7 10. Bxf7+ Kd8 11. Qxd4 b6 12. Bd5 Rb8 13. Na3 g4 14. Be3 Qh4 15. Qd2 Be7 16. g3 Qh5 17. Rf5 Qg6 18. Nb5 Ba6 19. Nd4 Bb7 20. Bf7 1-0

[Event "Wch U14"]
[Site "Maribor"]
[Date "2012.11.10"]
[Round "3.63"]
[White "Abdulla, Al Hamed"]
[Black "Latib, Tameez"]
[Result "1-0"]
[WhiteElo "1685"]
[BlackElo "1861"]
[PlyCount "81"]
[EventDate "2012.11.08"]
[EventType "swiss"]
[EventRounds "11"]
[EventCountry "SLO"]
[SourceTitle "EXT 2013"]
[Source "ChessBase"]
[SourceDate "2012.11.22"]
[SourceVersion "1"]
[SourceVersionDate "2012.11.22"]
[SourceQuality "1"]

1. e4 e5 2. Nf3 Nc6 3. Bb5 a6 4. Ba4 Nf6 5. d3 b5 6. Bb3 Be7 7. 0-0 0-0 8. Re1 Re8 9. Ng5 Rf8 10. Nd2 d6 11. c3 Na5 12. Bc2 c5 13. Nf1 h6 14. Nf3 Nh7 15. Ng3 Ng5 16. Nf5 Bxf5 17. exf5 Nc6 18. d4 cxd4 19. Bxg5 hxg5 20. cxd4 g4 21. Nd2 Nxd4 22. Bd3 Bf6 23. Qxg4 d5 24. Re3 Qd7 25. Rh3 g6 26. Rd1 Bg7 27. Qh4 Rfe8 28. f6 Qxh3 29. gxh3 Bf8 30. Qg5 e4 31. Bb1 Rab8 32. h4 Kh7 33. h5 Bh6 34. hxg6+ fxg6 35. Qh4 Rf8 36. f7 g5 37. Qg4 Rxf7 38. Nxe4 dxe4 39. Bxe4+ Kh8 40. Rxd4 Rbf8 41. Rd6 1-0